00841cam a2200241 a 450000100100000000500170001000800410002704000250006808200170009310000260011024500630013626000290019930000210022849000320024950400310028150000360031265000290034870000370037783000380041404900090045295201210046199900170058200002500920200930023515.0901219s1976 sp 000 | spa d aDO-SdBNPbspacBNPHU a830.6bH462P1 aPlebe, Armando94558010aHegel /cArmando Plebe ; traducción J.A. Méndez Borra. aMadrid :bDoncel,c1976. a180 p. ;c18 cm.1 aEl Libro de Bolsillo Doncel aBiliografía : p. 179-180 aIncluye lista de la colección 4aLiteratura alemana932741 aMéndez Borra, J.A.etr.951320 0aEl Libro de Bolsillo Doncel98628 aBNGR 001054708MOaGRbGRcCTd2011-02-16iLF1l0o830.6 H462Pp25009-10r2020-06-25w2020-06-25y4ZPréstamo en sala c24502d24502